01139 a2200193 45000010006000000050017000060080041000230030015000640400040000790800074001192450166001930200022003592640034003813000019004155050386004340410008008201000022008288560095008504391520260407155720.0260407a2012 arg spa dAR-UNSa-BCEJYS aAR-UNSa-BCEJYSbspacAR-UNSa-BCEJYS a371.27xExámenes. Calificaciones. Títulos. Diplomas. Evaluación10a¿Que hay de nuevo en evaluación educativa?pPolíticas y prácticas en la evaluación de docentes y alumnos ; propuestas y experiencias de autoevaluación a978-987-538-339-5 1aBuenos Aires :bNoveducc2012 a189 p.c23 cm. a1. La evaluación y la calidad educativa - 2. Evaluación del desempeño profesional docente - 3. La autoevaluación institucional. Democratizar la gestión escolar para mejorar la calidad - 4. Desarrollo de una experiencia de autoevaluación - 5. La evaluación del desempeño de los estudiantes - 6. La evaluación. Un instrumento, un proceso y una práctica política aspa1 aSverdlick, Ingrid41uhttps://biblioeco.unsa.edu.ar/pmb/images/libros/L126858.jpgyImagen de portadaqimage/jpeg